La epistemología del tiempo
Furkejuvvon:
| Váldodahkki: | |
|---|---|
| Materiálatiipa: | Girji |
| Giella: | Undetermined |
| Almmustuhtton: |
Buenos Aires, Argentina
El Ateneo
1971
|
| Fáttát: | |
| Fáddágilkorat: |
Lasit fáddágilkoriid
Eai fáddágilkorat, Lasit vuosttaš fáddágilkora!
|
MARC
| LEADER | 00000nam a2200000Ia 4500 | ||
|---|---|---|---|
| 008 | 170316s9999 xx 000 0 und d | ||
| 090 | |a 100 P-23epi | ||
| 100 | |a Piaget, Jean | ||
| 245 | |a La epistemología del tiempo | ||
| 260 | |a Buenos Aires, Argentina | ||
| 260 | |b El Ateneo | ||
| 260 | |c 1971 | ||
| 300 | |a 226 páginas | ||
| 650 | |a FILOSOFÍA | ||
| 650 | |a EPISTEMOLOGÍA | ||
| 999 | |c 17265 |d 17265 | ||
| 040 | |a cru BVZT | ||
| 942 | |c 15 D |h 100 P-23epi |2 z | ||
